| 000 | 00847nam a2200253 a 4500 | ||
|---|---|---|---|
| 001 | BRCA_4459 | ||
| 005 | 20190320204658.0 | ||
| 008 | 060910s1907----enka######---#000-0#eng-# | ||
| 041 | _aeng | ||
| 044 | _aenk | ||
| 050 | 4 |
_aDP17 _b.C35 7 _c1907 |
|
| 100 | 1 |
_aCalvert, Albert F. _d1872-1946 _911300 |
|
| 245 | 1 | 0 |
_aCordova _bA city of the moors _cBy Albert F. Calvert and Walter M. Gallichan. |
| 260 |
_aLondres: Nueva York _bJohn Lane, The Bodley Head _c1907 |
||
| 300 |
_axvi, 108 p. (v.7) _bil., 159 láminas _c20 cm. |
||
| 440 | 0 |
_aThe spanish series _v7 _911301 |
|
| 500 | _aIncluye índice de ilustraciones | ||
| 500 | _aCEO10 | ||
| 650 | 1 | 4 |
_aÁrabes en España _xDescripción _zCordova, España (Ciudad) _911302 |
| 651 | 4 |
_aEspaña _xDescripción y viajes _97912 |
|
| 700 | 1 |
_aGallichan, Walter M. _911303 |
|
| 902 | _aGFM | ||
| 942 |
_2lcc _cB |
||
| 999 |
_c4165 _d4165 |
||